[Event "46th Guernsey Open"]
[Site "?"]
[Date "2022.10.18"]
[Round "3"]
[White "Turner, David J"]
[Black "Goman, Colin"]
[Result "1/2-1/2"]
[WhiteElo "1754"]
[BlackElo "1619"]
[PlyCount "77"]
[EventDate "2022.??.??"]

1. e4 d6 2. Nf3 Nf6 3. d3 g6 4. g3 Bg7 5. Bg2 O-O 6. O-O c5 7. Nbd2 Nc6 8. a4
a6 9. Nc4 Rb8 10. c3 b5 11. Ne3 b4 12. c4 Bd7 13. Nd2 Ne5 14. Qb3 Neg4 15. Nxg4
Nxg4 16. h3 Ne5 17. f4 Nc6 18. Nf3 f5 19. Be3 fxe4 20. dxe4 Na5 21. Qc2 b3 22.
Qe2 Be6 23. Rfc1 Rb4 24. e5 Nxc4 25. Ng5 Qd7 26. Nxe6 Qxe6 27. Bf1 Nxe3 28.
Qxe3 Qd7 29. Ra3 Rfb8 30. Rxb3 Rxb3 31. Bc4+ Kf8 32. Bxb3 Qxh3 33. Rc3 Qf5 34.
Bc2 Qe6 35. b3 Qd7 36. Qd3 Qb7 37. Qe2 Qb4 38. Rc4 Qb7 39. Kh2 1/2-1/2

[Event "46th Guernsey Open"]
[Site "?"]
[Date "2022.10.18"]
[Round "3"]
[White "Hafthorsson, Jon Ulfur"]
[Black "Remie, Peter"]
[Result "0-1"]
[WhiteElo "1327"]
[BlackElo "1749"]
[PlyCount "106"]
[EventDate "2022.??.??"]

1. e4 d6 2. d4 Nf6 3. Nc3 g6 4. f4 Bg7 5. e5 dxe5 6. fxe5 Nd5 7. Bc4 e6 8. Nf3
h6 9. O-O b6 10. Ne4 Ba6 11. Bxa6 Nxa6 12. c4 Ndb4 13. Nf6+ Bxf6 14. exf6 c5
15. a3 Nc6 16. d5 exd5 17. cxd5 Ncb8 18. Ne5 Nc7 19. d6 Ne6 20. Qd5 Nd7 21.
Nxg6 Rh7 22. Ne7 Ndf8 23. Bf4 Nd7 24. Be5 Nxe5 25. Qxe5 Qd7 26. Rac1 Rd8 27.
Rf3 Qxd6 28. Qxd6 Rxd6 29. Rfc3 Nd4 30. Re3 Re6 31. Rxe6 fxe6 32. Re1 Rf7 33.
Nd5 Kd7 34. Ne3 Rxf6 35. Nc4 Kc6 36. h3 Kd5 37. Ne3+ Kc6 38. Ng4 Rf8 39. Nxh6
Kd5 40. Rb1 Kc4 41. b4 cxb4 42. axb4 Nb3 43. b5 Nd4 44. Ng4 Kc3 45. Kh2 Rf5 46.
Ne3 Rxb5 47. Rxb5 Nxb5 48. g4 a5 49. g5 Nd6 50. g6 Ne8 51. Nd1+ Kd2 52. Nb2 b5
53. h4 Ng7 0-1

[Event "46th Guernsey Open"]
[Site "?"]
[Date "2022.10.18"]
[Round "3"]
[White "Hall, Alan"]
[Black "Gunn, Michael J"]
[Result "1-0"]
[WhiteElo "1723"]
[BlackElo "1596"]
[PlyCount "115"]
[EventDate "2022.??.??"]

1. d4 Nf6 2. Nf3 b6 3. e3 Bb7 4. Bd3 g6 5. Nbd2 d5 6. O-O Bg7 7. c4 e6 8. b3
O-O 9. Ba3 Re8 10. Rc1 Ne4 11. Qc2 Nxd2 12. Nxd2 Ba6 13. b4 dxc4 14. Bxc4 Bxc4
15. Qxc4 c6 16. Rfd1 Qd5 17. Nf3 Qxc4 18. Rxc4 a5 19. bxa5 Rxa5 20. Rd3 Rb5 21.
Rb3 Rxb3 22. axb3 Rd8 23. Kf1 Rd5 24. Ke2 Bf8 25. Bxf8 Kxf8 26. Ne5 b5 27. Rc2
Rd6 28. Ra2 f6 29. Ra8 fxe5 30. Rxb8+ Ke7 31. dxe5 Rd5 32. Rb7+ Ke8 33. Rxh7
Rxe5 34. f4 Rc5 35. Rg7 Rc2+ 36. Kf3 Rb2 37. Rc7 Rxb3 38. Rxc6 Ke7 39. g4 Rb1
40. Rb6 b4 41. Ke4 b3 42. Ke5 b2 43. e4 Rg1 44. Rxb2 Rxg4 45. Rb6 Rh4 46. Rxe6+
Kf7 47. Rf6+ Kg7 48. Ke6 Rxh2 49. e5 Ra2 50. Rf7+ Kg8 51. Kf6 Ra6+ 52. e6 g5
53. Rg7+ Kh8 54. Rxg5 Kh7 55. Kf7 Ra7+ 56. e7 Kh6 57. Kf8 Ra8+ 58. e8=Q 1-0

[Event "46th Guernsey Open"]
[Site "?"]
[Date "2022.10.18"]
[Round "3"]
[White "Kershaw, Graham J"]
[Black "Poldermans, Daan"]
[Result "0-1"]
[WhiteElo "1609"]
[BlackElo "1626"]
[PlyCount "36"]
[EventDate "2022.??.??"]

1. e4 e6 2. d4 d5 3. Nd2 c5 4. c3 Nc6 5. Ne2 Nf6 6. e5 Nd7 7. Nf3 cxd4 8. cxd4
f6 9. Nf4 Bb4+ 10. Bd2 Bxd2+ 11. Qxd2 Qe7 12. exf6 Nxf6 13. Bd3 O-O 14. O-O Qb4
15. Rad1 Qxd2 16. Rxd2 Ne4 17. Nxe6 Bxe6 18. Re2 Bg4 0-1

[Event "46th Guernsey Open"]
[Site "?"]
[Date "2022.10.18"]
[Round "3"]
[White "Havenaar, Jan"]
[Black "Bennett, David"]
[Result "1-0"]
[WhiteElo "2008"]
[BlackElo "1408"]
[PlyCount "59"]
[EventDate "2022.??.??"]

1. Nc3 Nf6 2. e4 e5 3. g3 Bc5 4. Nf3 O-O 5. Bg2 Nc6 6. Nxe5 Bxf2+ 7. Kxf2 Nxe5
8. Rf1 d6 9. Kg1 Bg4 10. Qe1 Qd7 11. Rxf6 gxf6 12. Nd5 Kg7 13. Qf1 f5 14. h3 c6
15. Ne3 Bh5 16. exf5 f6 17. d4 Nf7 18. g4 Bxg4 19. Nxg4 h5 20. Ne3 Rg8 21. Qf3
Kf8 22. Qxh5 Re8 23. Qh4 Ng5 24. Ng4 Qg7 25. Bf4 Rd8 26. Qg3 d5 27. Re1 Qd7 28.
Nxf6 Qxf5 29. Nxg8 Ne6 30. Bh6+ 1-0

[Event "46th Guernsey Open"]
[Site "?"]
[Date "2022.10.18"]
[Round "3"]
[White "Reink, Geerhard"]
[Black "Ashbrooke, Monika"]
[Result "1/2-1/2"]
[WhiteElo "1647"]
[BlackElo "1321"]
[PlyCount "66"]
[EventDate "2022.??.??"]

1. c4 Nf6 2. Nc3 d5 3. cxd5 Nxd5 4. Nf3 e6 5. g3 Nc6 6. Bg2 Be7 7. O-O h5 8. h4
Bd7 9. d3 Bf6 10. Ne4 O-O 11. Nxf6+ Qxf6 12. a3 Rfe8 13. Rb1 e5 14. Ng5 Nce7
15. Ne4 Qb6 16. Qc2 c6 17. b4 Ng6 18. Nc5 Bg4 19. Bb2 Rad8 20. e3 Qc7 21. d4
Qc8 22. Rbc1 exd4 23. Bxd4 Ne5 24. f4 Ng6 25. Qf2 b6 26. Nd3 Bh3 27. Bxh3 Qxh3
28. Rxc6 Nxe3 29. Re1 Rxd4 30. Rxe3 Red8 31. Rc3 Qg4 32. Qf3 Qf5 33. Qe2 Nf8
1/2-1/2

[Event "46th Guernsey Open"]
[Site "?"]
[Date "2022.10.18"]
[Round "3"]
[White "Royle, Nick"]
[Black "Henry, Eric"]
[Result "1-0"]
[WhiteElo "1482"]
[BlackElo "1558"]
[PlyCount "34"]
[EventDate "2022.??.??"]

1. e4 d5 2. exd5 Qxd5 3. c4 Qa5 4. Nf3 Nf6 5. Nc3 c6 6. d4 Bg4 7. h3 Bh5 8. Be2
e6 9. Ne5 Bxe2 10. Qxe2 Be7 11. O-O O-O 12. Bg5 Re8 13. f4 Nbd7 14. f5 exf5 15.
Nxd7 Ne4 16. Bf4 Nxc3 17. bxc3 Bb4 1-0

[Event "46th Guernsey Open"]
[Site "?"]
[Date "2022.10.19"]
[Round "4"]
[White "Chatalbashev, Boris"]
[Black "Hebden, Mark L"]
[Result "1/2-1/2"]
[WhiteElo "2488"]
[BlackElo "2434"]
[PlyCount "119"]
[EventDate "2022.??.??"]

1. d4 Nf6 2. Nf3 g6 3. Nbd2 Bg7 4. e4 d6 5. Bd3 O-O 6. O-O Nc6 7. Re1 e5 8.
dxe5 Nxe5 9. Nxe5 dxe5 10. a4 Nh5 11. g3 Bh6 12. b3 Re8 13. Bb2 Nf6 14. Nc4 Nd7
15. Qf3 Bg7 16. Rad1 Qe7 17. Bf1 Nb6 18. Ba3 Qf6 19. Qxf6 Bxf6 20. Ne3 a5 21.
c4 c6 22. Bd6 Be7 23. Bxe7 Rxe7 24. c5 Nd7 25. Nc4 Kg7 26. Re3 Nxc5 27. Nb6 Rb8
28. Rd8 Rc7 29. Bh3 Bxh3 30. Rxb8 Be6 31. Re8 f6 32. f4 Bf7 33. Rc8 Re7 34.
fxe5 fxe5 35. Rd8 Nxb3 36. Rd7 Kf8 37. Rd8+ Kg7 38. Rd7 Kf8 39. Rc3 Be6 40.
Rxe7 Kxe7 41. Nd5+ Bxd5 42. exd5 Nd4 43. dxc6 bxc6 44. Rc5 Kd6 45. Rxa5 c5 46.
Ra8 Kd7 47. a5 c4 48. a6 c3 49. a7 c2 50. Rc8 Kxc8 51. a8=Q+ Kc7 52. Qa5+ Kd6
53. Qa3+ Kd5 54. Kf2 Kc4 55. Qe3 Nb3 56. Qe2+ Kc3 57. Qxe5+ Kd3 58. Qd6+ Kc3
59. Qf6+ Kc4 60. Qf4+ 1/2-1/2

[Event "46th Guernsey Open"]
[Site "?"]
[Date "2022.10.19"]
[Round "4"]
[White "Hunt, Harriet V"]
[Black "Giulian, Philip M"]
[Result "1-0"]
[WhiteElo "2395"]
[BlackElo "2131"]
[PlyCount "57"]
[EventDate "2022.??.??"]

1. e4 c6 2. d4 d5 3. e5 Bf5 4. Nf3 e6 5. Be2 c5 6. Be3 Qb6 7. Nc3 Nc6 8. Qd2 c4
9. O-O Bg4 10. b3 Bb4 11. a3 Bxc3 12. Qxc3 cxb3 13. Rab1 Na5 14. cxb3 Ne7 15.
b4 Nc4 16. Bxc4 Bxf3 17. Bd3 Rc8 18. Qb3 Bh5 19. Qa4+ Nc6 20. b5 Qa5 21. Rb4
Qxa4 22. Rxa4 Nd8 23. Bd2 Bg6 24. Be2 Ra8 25. Bb4 Bc2 26. Ra5 b6 27. Ra6 f6 28.
exf6 gxf6 29. Rc1 1-0

[Event "46th Guernsey Open"]
[Site "?"]
[Date "2022.10.19"]
[Round "4"]
[White "Teeuwen, Jos"]
[Black "Zeidler, Sven P"]
[Result "1-0"]
[WhiteElo "2029"]
[BlackElo "2148"]
[PlyCount "87"]
[EventDate "2022.??.??"]

1. e4 Nc6 2. Nf3 d6 3. d4 Nf6 4. Nc3 g6 5. Be3 Bg7 6. Qd2 O-O 7. O-O-O a6 8. h4
Bg4 9. Be2 b5 10. e5 Ne8 11. e6 f5 12. Ng5 b4 13. Bxg4 fxg4 14. Nd5 Qb8 15. h5
Qb5 16. Nf4 Qxg5 17. Nxg6 Qd5 18. Nxf8 Kxf8 19. Bh6 Rb8 20. Kb1 Rb5 21. Rh4 Nf6
22. f3 Qxe6 23. fxg4 Rd5 24. Bxg7+ Kxg7 25. h6+ Kh8 26. g5 Ne4 27. Qf4 Nxg5 28.
Rf1 Qf6 29. Qc1 Rf5 30. Rxf5 Qxf5 31. Rf4 Qc8 32. Qf1 Ne6 33. Rf7 Ncxd4 34.
Rxe7 Qf8 35. Qxf8+ Nxf8 36. Rxc7 Nde6 37. Ra7 Kg8 38. Rxa6 Kf7 39. Rxd6 Kg6 40.
Rb6 Kxh6 41. Rxb4 Kg5 42. a4 Nd7 43. a5 Ndc5 44. Rc4 1-0

[Event "46th Guernsey Open"]
[Site "?"]
[Date "2022.10.19"]
[Round "4"]
[White "Villiers, Thomas"]
[Black "Hewson, Brian WR"]
[Result "0-1"]
[WhiteElo "2141"]
[BlackElo "2028"]
[PlyCount "138"]
[EventDate "2022.??.??"]

1. e4 c6 2. d3 g6 3. Nf3 Bg7 4. Be2 d6 5. O-O Nd7 6. Nc3 Ngf6 7. Be3 O-O 8. Nd2
e5 9. Nc4 d5 10. Nxe5 Nxe5 11. f4 Neg4 12. Bc5 Nd7 13. Bxf8 Bd4+ 14. Kh1 Ne3
15. Qc1 Nxf1 16. Bh6 Qh4 17. Qxf1 Qxh6 18. exd5 Bxc3 19. dxc6 Bxb2 20. Rb1 Qg7
21. cxd7 Bxd7 22. Bf3 Bc6 23. c4 Rd8 24. Qe2 Bd4 25. Bxc6 bxc6 26. Rb7 Qf6 27.
g3 Bc5 28. Kg2 Qd6 29. f5 Qxd3 30. Qxd3 Rxd3 31. f6 Rd2+ 32. Kh3 Rxa2 33. Rc7
a5 34. Rxc6 Bf8 35. Ra6 a4 36. Ra8 Rf2 37. Rxa4 Rxf6 38. Kg2 h5 39. Ra2 Rf5 40.
Re2 Kg7 41. Rd2 Kf6 42. Ra2 Ke6 43. Rb2 Bc5 44. Ra2 Ke5 45. Rd2 Bd4 46. Ra2 Bc3
47. Ra8 Kd4 48. Rc8 Bb4 49. h3 Bc5 50. g4 hxg4 51. hxg4 Rf6 52. Kg3 Kxc4 53.
Kh4 Kd5 54. Kg5 Rf1 55. Kh6 Be3+ 56. Kg7 Rf4 57. Rf8 g5 58. Kh6 Rxg4 59. Rxf7
Ke4 60. Kg6 Rg2 61. Kh5 Bf4 62. Ra7 Kf3 63. Ra3+ Be3 64. Ra4 Rh2+ 65. Kg6 g4
66. Kf5 g3 67. Ra6 g2 68. Rh6 Bxh6 69. Ke5 g1=Q 0-1

[Event "46th Guernsey Open"]
[Site "?"]
[Date "2022.10.19"]
[Round "4"]
[White "Johnsen, Gunnar"]
[Black "Starley, Robert"]
[Result "1-0"]
[WhiteElo "2121"]
[BlackElo "2020"]
[PlyCount "115"]
[EventDate "2022.??.??"]

1. d4 Nf6 2. Nf3 d5 3. c4 e6 4. cxd5 exd5 5. Nc3 Bf5 6. Qb3 Nc6 7. Bg5 Be7 8.
Bxf6 Bxf6 9. e3 Ne7 10. Qxb7 O-O 11. Be2 Qd6 12. Qa6 Qb4 13. O-O Rfb8 14. Rfc1
Rb6 15. Qa4 Qxb2 16. Qd1 Rbb8 17. Na4 Qb7 18. Rc3 c6 19. Rac1 Qc7 20. Ne1 a5
21. Bd3 Bxd3 22. Qxd3 Qd6 23. Qc2 Rb5 24. Nd3 Rab8 25. Ndc5 g6 26. g3 Bg7 27.
Kg2 h5 28. h4 Bh6 29. Nd3 Bg7 30. Nac5 Kh7 31. a4 R5b6 32. Nb3 Ra8 33. Rc5 Rba6
34. Qc3 Qd8 35. Ne5 Bxe5 36. dxe5 Qb6 37. Nd4 Rc8 38. e6 Qb4 39. Qd3 Rb6 40.
exf7 Kg7 41. R1c3 Qxa4 42. Ra3 Qb4 43. Rb3 Kxf7 44. Rxb4 axb4 45. e4 Rcb8 46.
Qf3+ Ke8 47. Nb3 dxe4 48. Qxe4 R8b7 49. Qe6 Rc7 50. Ra5 Rb8 51. Nc5 Rbc8 52.
Qf6 b3 53. Qd4 Nd5 54. Nxb3 Ne7 55. Ra7 c5 56. Qa4+ Kd8 57. Nxc5 Rxa7 58. Ne6#
1-0

[Event "46th Guernsey Open"]
[Site "?"]
[Date "2022.10.19"]
[Round "4"]
[White "Thurlow, Kevin J"]
[Black "Onslow, Alfie"]
[Result "1/2-1/2"]
[WhiteElo "2019"]
[BlackElo "2115"]
[PlyCount "95"]
[EventDate "2022.??.??"]

1. c4 e5 2. Nc3 Nf6 3. Nf3 Nc6 4. e3 Bb4 5. Qc2 Bxc3 6. Qxc3 Qe7 7. a3 d5 8. d4
exd4 9. Nxd4 Nxd4 10. Qxd4 c5 11. Qd1 O-O 12. cxd5 Rd8 13. Bc4 Nxd5 14. Bxd5
Be6 15. O-O Bxd5 16. Qg4 Rd6 17. f3 Rad8 18. e4 Rg6 19. Qf4 Bc4 20. Re1 Qd7 21.
Be3 Qh3 22. g3 h5 23. Qf5 Qxf5 24. exf5 Rc6 25. Rac1 b5 26. b3 Bxb3 27. Rxc5
Rxc5 28. Bxc5 a6 29. Bb4 Rc8 30. Kf2 Rc2+ 31. Re2 Rc4 32. h4 Bc2 33. Re5 Bd1
34. Rc5 Rxc5 35. Bxc5 a5 36. Ke3 f6 37. Ke4 Kf7 38. f4 Bc2+ 39. Kd5 Bxf5 40.
Kc6 Bd3 41. Kd5 Kg6 42. Bf8 Kf7 43. Bd6 Bc4+ 44. Kd4 Ke6 45. Bc7 a4 46. Ba5 Kf5
47. Ke3 Kg4 48. Kf2 1/2-1/2

[Event "46th Guernsey Open"]
[Site "?"]
[Date "2022.10.19"]
[Round "4"]
[White "Jackson, Oliver A"]
[Black "Schroeder, Gerhard"]
[Result "1-0"]
[WhiteElo "2095"]
[BlackElo "2017"]
[PlyCount "63"]
[EventDate "2022.??.??"]

1. e4 c5 2. Nc3 Nc6 3. f4 g6 4. Nf3 Bg7 5. Bb5 Nd4 6. a4 a6 7. Bc4 e6 8. e5 d5
9. exd6 Qxd6 10. d3 b6 11. Ne4 Qc7 12. c3 Nxf3+ 13. Qxf3 Rb8 14. f5 gxf5 15.
Ng3 Bb7 16. Qf2 h5 17. O-O Ne7 18. Bg5 Ng6 19. Rae1 f4 20. Bxe6 fxe6 21. Rxe6+
Kf7 22. Re7+ Qxe7 23. Bxe7 Kxe7 24. Nf5+ Kf6 25. Nd6 Bc6 26. d4 c4 27. d5 Bd7
28. Qd4+ Ne5 29. Rxf4+ Kg6 30. Qe4+ Kh6 31. Rf7 Rbe8 32. Rxd7 1-0

[Event "46th Guernsey Open"]
[Site "?"]
[Date "2022.10.19"]
[Round "4"]
[White "Hamperl, Fred A"]
[Black "Smith, Andrew Philip"]
[Result "1-0"]
[WhiteElo "1983"]
[BlackElo "2087"]
[PlyCount "65"]
[EventDate "2022.??.??"]

1. e4 e5 2. Nf3 d6 3. d4 exd4 4. Nxd4 Nf6 5. Bg5 h6 6. Bxf6 Qxf6 7. Nc3 c6 8.
Be2 Be7 9. O-O O-O 10. f4 Bd8 11. Qd2 Bb6 12. Rad1 a5 13. Kh1 a4 14. a3 Nd7 15.
g4 Nc5 16. g5 hxg5 17. fxg5 Qe5 18. Nf3 Qe8 19. Qxd6 Nxe4 20. Nxe4 Qxe4 21. Bd3
Qe6 22. Bh7+ Kxh7 23. Qxf8 Ra5 24. Rde1 Qf5 25. Re8 Qh3 26. g6+ Kxg6 27. Ne5+
Rxe5 28. Qxf7+ Kh7 29. Rxe5 Bg4 30. Rg5 Bd4 31. c3 Be2 32. Qg6+ Kg8 33. Qe8+
1-0

[Event "46th Guernsey Open"]
[Site "?"]
[Date "2022.10.19"]
[Round "4"]
[White "Liu, Jack"]
[Black "Zheng, Harry Z"]
[Result "1/2-1/2"]
[WhiteElo "1780"]
[BlackElo "2049"]
[PlyCount "164"]
[EventDate "2022.??.??"]

1. e4 e5 2. Nf3 Nc6 3. Bb5 a6 4. Ba4 Nf6 5. O-O Be7 6. Re1 b5 7. Bb3 d6 8. c3
O-O 9. h3 Na5 10. Bc2 c5 11. d4 Qc7 12. Nbd2 cxd4 13. cxd4 Nc6 14. Nb3 a5 15.
Be3 a4 16. Nbd2 Bd7 17. Rc1 Qb7 18. Nf1 Rfe8 19. Ng3 Rab8 20. Qe2 Bd8 21. Red1
Bb6 22. Bg5 Bd8 23. dxe5 Nxe5 24. Nxe5 dxe5 25. Bb1 h6 26. Be3 Bb6 27. Rd6 Bxe3
28. Qxe3 Re6 29. Rdd1 Rc6 30. Rxc6 Qxc6 31. Rc1 Qd6 32. Qd3 Qxd3 33. Bxd3 Be6
34. Rc5 b4 35. Rxe5 Bxa2 36. Ra5 a3 37. bxa3 b3 38. Bc4 Rc8 39. Ra4 Rxc4 40.
Rxc4 b2 41. Rb4 b1=Q+ 42. Rxb1 Bxb1 43. f3 g6 44. Kf2 Kf8 45. Ke3 Ke7 46. Kd4
Kd7 47. Ne2 Ba2 48. f4 Kc6 49. g4 g5 50. fxg5 hxg5 51. Ng1 Bb1 52. Nf3 Nxe4 53.
Ne5+ Kd6 54. Nxf7+ Ke6 55. Nxg5+ Nxg5 56. Kc5 Nxh3 57. a4 Kd7 58. a5 Nf2 59. g5
Ne4+ 60. Kb6 Nxg5 61. Kc5 Kc7 62. Kd4 Kc6 63. a6 Kb6 64. a7 Kxa7 65. Kc5 Kb7
66. Kd5 Kb6 67. Kd4 Kb5 68. Kd5 Nf3 69. Kd6 Ba2 70. Ke7 Kc6 71. Kf6 Kd6 72. Kf5
Nd4+ 73. Ke4 Nb5 74. Kf5 Bg8 75. Kf6 Be6 76. Kg5 Ke5 77. Kg6 Nd6 78. Kg7 Kf5
79. Kf8 Ne4 80. Kg7 Kg5 81. Kh7 Kf6 82. Kh8 Ng5 1/2-1/2

[Event "46th Guernsey Open"]
[Site "?"]
[Date "2022.10.19"]
[Round "4"]
[White "Gant, Chris J"]
[Black "Rosen, Daniel B"]
[Result "0-1"]
[WhiteElo "2091"]
[BlackElo "1976"]
[PlyCount "78"]
[EventDate "2022.??.??"]

1. e4 d6 2. d4 g6 3. Nc3 Bg7 4. Be3 a6 5. Qd2 Nd7 6. h4 e5 7. h5 exd4 8. Bxd4
Bxd4 9. Qxd4 Qf6 10. Qd2 Ne7 11. O-O-O Nb6 12. e5 Qxe5 13. Nf3 Qg7 14. h6 Qf8
15. a4 Be6 16. a5 Nd7 17. Nd4 O-O-O 18. g3 Ne5 19. Bg2 Nc4 20. Qe2 Nxa5 21.
Nxe6 fxe6 22. Qxe6+ Kb8 23. f4 Nec6 24. Qa2 d5 25. Nxd5 Qc5 26. Nc3 Nb4 27. Qe6
Rde8 28. Qf6 Rhf8 29. Qd4 Na2+ 30. Kb1 Nxc3+ 31. Qxc3 Qxc3 32. bxc3 Nc4 33. Rd7
Rf5 34. Rxh7 Re6 35. Rh8+ Ka7 36. h7 Rb5+ 37. Kc1 Ra5 38. Ra8+ Kb6 39. Kb1 Kc5
0-1

[Event "46th Guernsey Open"]
[Site "?"]
[Date "2022.10.19"]
[Round "4"]
[White "Mason, Donald J"]
[Black "Strade, Arita"]
[Result "1-0"]
[WhiteElo "2081"]
[BlackElo "1918"]
[PlyCount "43"]
[EventDate "2022.??.??"]

1. e4 c5 2. Nf3 d6 3. d4 cxd4 4. Nxd4 Nf6 5. Nc3 a6 6. Bg5 Nbd7 7. f4 Qc7 8.
Qf3 b5 9. O-O-O Bb7 10. Bd3 g6 11. Qh3 b4 12. Bxf6 Nxf6 13. e5 bxc3 14. exf6
cxb2+ 15. Kb1 Qd7 16. f5 exf6 17. Rhe1+ Kd8 18. Bc4 gxf5 19. Qb3 Be4 20. Bxf7
Qb7 21. Rxe4 fxe4 22. Qxb7 1-0

[Event "46th Guernsey Open"]
[Site "?"]
[Date "2022.10.19"]
[Round "4"]
[White "Hill, Andy"]
[Black "Jackson, Sheila"]
[Result "1-0"]
[WhiteElo "1896"]
[BlackElo "2077"]
[PlyCount "113"]
[EventDate "2022.??.??"]

1. Nf3 Nf6 2. c4 g6 3. d4 Bg7 4. g3 d6 5. Bg2 O-O 6. Nc3 Nbd7 7. O-O e5 8. e4
c6 9. Re1 Re8 10. h3 a5 11. Be3 Qc7 12. Rc1 exd4 13. Nxd4 Ne5 14. b3 h5 15. f4
Ned7 16. Qc2 Nh7 17. Qf2 Nc5 18. Qd2 Bd7 19. Rcd1 Rad8 20. Bf2 b6 21. Qc2 Nf8
22. a3 Nce6 23. Nf3 Nc5 24. Nd2 Nfe6 25. Nf1 Bc8 26. b4 axb4 27. axb4 Nd7 28.
f5 Nef8 29. Ne2 Ne5 30. Nf4 Kh7 31. Nh2 Ba6 32. Bf1 Bb7 33. Be3 Nfd7 34. Rc1
Nf6 35. Bg2 Ra8 36. Nf3 Nxf3+ 37. Bxf3 Nd7 38. fxg6+ fxg6 39. Nxg6 Kxg6 40. e5+
Kf7 41. Qh7 Rxe5 42. Bh6 Rg8 43. Rxe5 Nxe5 44. Bxh5+ Kf8 45. Rf1+ Nf7 46. Rxf7+
Qxf7 47. Bxf7 Kxf7 48. Qf5+ Bf6 49. Qd7+ Kg6 50. Qxb7 Kxh6 51. g4 Bd4+ 52. Kg2
Rf8 53. Qxc6 Rf6 54. h4 Rg6 55. Qe4 Be5 56. Kh3 Rg8 57. Qe3+ 1-0

[Event "46th Guernsey Open"]
[Site "?"]
[Date "2022.10.19"]
[Round "4"]
[White "Dilleigh, Stephen P"]
[Black "Goris, Ton"]
[Result "1/2-1/2"]
[WhiteElo "2041"]
[BlackElo "1897"]
[PlyCount "51"]
[EventDate "2022.??.??"]

1. Nf3 e6 2. c4 d5 3. d4 dxc4 4. e3 Nf6 5. Bxc4 c5 6. O-O a6 7. dxc5 Qxd1 8.
Rxd1 Bxc5 9. Be2 Nc6 10. Nbd2 O-O 11. Nb3 Be7 12. Bd2 b6 13. Nfd4 Nxd4 14. Nxd4
Bb7 15. Rac1 Rac8 16. f3 Rfd8 17. Rxc8 Rxc8 18. Kf1 Kf8 19. e4 h6 20. Nb3 Ke8
21. Be3 Nd7 22. Bd4 e5 23. Bc3 f6 24. Bd3 Nc5 25. Nxc5 Bxc5 26. Ke2 1/2-1/2

[Event "46th Guernsey Open"]
[Site "?"]
[Date "2022.10.19"]
[Round "4"]
[White "Forbes, Garry"]
[Black "Wager, John D"]
[Result "0-1"]
[WhiteElo "1859"]
[BlackElo "2034"]
[PlyCount "90"]
[EventDate "2022.??.??"]

1. d4 Nf6 2. Nc3 d5 3. Bf4 c6 4. e3 g6 5. Nf3 Bg7 6. Be2 Nbd7 7. h3 O-O 8. O-O
b5 9. a3 a5 10. Ne5 Qb6 11. Bf3 Rd8 12. Re1 Bb7 13. Ne2 Ne8 14. Nxd7 Rxd7 15.
c3 Nd6 16. Nc1 e5 17. Bxe5 Bxe5 18. dxe5 Nc4 19. Nd3 Re8 20. g3 Rde7 21. Qc2
Bc8 22. Bg2 Bf5 23. f4 f6 24. b3 fxe5 25. bxc4 dxc4 26. Kh2 Bxd3 27. Qf2 exf4
28. Qxf4 Rf8 29. Qd6 Qc7 30. Qxc6 Qxc6 31. Bxc6 Rf2+ 32. Kg1 Rb2 33. a4 b4 34.
cxb4 axb4 35. a5 b3 36. a6 Ra7 37. Bb5 Kg7 38. Rec1 Rc2 39. Re1 Kf6 40. Rad1
Ke5 41. Rxd3 cxd3 42. Bxd3 Rd2 43. Bc4 b2 44. Rb1 Rc2 45. Bf1 Ke4 0-1

[Event "46th Guernsey Open"]
[Site "?"]
[Date "2022.10.19"]
[Round "4"]
[White "Waddington, Mike P"]
[Black "Fryer, David W"]
[Result "1-0"]
[WhiteElo "2027"]
[BlackElo "1876"]
[PlyCount "47"]
[EventDate "2022.??.??"]

1. e4 e5 2. Nf3 Nc6 3. d4 exd4 4. Nxd4 Qh4 5. Nc3 Bb4 6. Be2 Qxe4 7. Ndb5 Bxc3+
8. bxc3 Kd8 9. O-O a6 10. Nd4 Nxd4 11. cxd4 Qe8 12. Re1 Ne7 13. c4 d6 14. Bf3
Qd7 15. Rb1 Rb8 16. d5 h6 17. Qd4 Re8 18. Bb2 c5 19. dxc6 bxc6 20. Bc3 Bb7 21.
Qxg7 Ng6 22. Ba5+ Kc8 23. Rxe8+ Qxe8 24. Bg4+ 1-0

[Event "46th Guernsey Open"]
[Site "?"]
[Date "2022.10.19"]
[Round "4"]
[White "Kirby, Peter J"]
[Black "Hoogakker, Peter"]
[Result "1/2-1/2"]
[WhiteElo "2011"]
[BlackElo "1846"]
[PlyCount "48"]
[EventDate "2022.??.??"]

1. Nf3 Nf6 2. c4 d6 3. d4 Nbd7 4. Nc3 e5 5. e4 c6 6. Be2 Be7 7. O-O h6 8. Qc2
Qc7 9. Rd1 Nf8 10. Rb1 a5 11. a3 g5 12. b4 axb4 13. axb4 g4 14. Ne1 h5 15. Be3
h4 16. b5 Ne6 17. bxc6 bxc6 18. dxe5 Nd7 19. Bxg4 Nxe5 20. Bb6 Qd7 21. Be2 Nf4
22. Bd4 Qe6 23. Ra1 Rxa1 24. Rxa1 Rg8 1/2-1/2

[Event "46th Guernsey Open"]
[Site "?"]
[Date "2022.10.19"]
[Round "4"]
[White "Cordova Lopez, Diego Anton"]
[Black "Vernon, Guy"]
[Result "1/2-1/2"]
[WhiteElo "2006"]
[BlackElo "1766"]
[PlyCount "61"]
[EventDate "2022.??.??"]

1. e4 c5 2. Nf3 e6 3. d4 cxd4 4. Nxd4 Nf6 5. Nc3 Nc6 6. Ndb5 Bb4 7. a3 Bxc3+ 8.
Nxc3 d5 9. exd5 exd5 10. Bd3 O-O 11. O-O d4 12. Ne2 Bg4 13. f3 Bh5 14. b4 Qb6
15. Kh1 Rfe8 16. b5 Ne5 17. Nxd4 Nxd3 18. Qxd3 Bg6 19. Qd1 Rad8 20. c3 Nd5 21.
Qb3 Nxc3 22. Bb2 Ne2 23. Nxe2 Rxe2 24. Qc3 f6 25. Rad1 Rde8 26. Qb4 a6 27. a4
axb5 28. axb5 Qe3 29. Bd4 Qg5 30. Rf2 R2e6 31. b6 1/2-1/2

[Event "46th Guernsey Open"]
[Site "?"]
[Date "2022.10.19"]
[Round "4"]
[White "De Kruif, Kees"]
[Black "Collier, David O"]
[Result "1-0"]
[WhiteElo "1846"]
[BlackElo "2004"]
[PlyCount "72"]
[EventDate "2022.??.??"]

1. b4 e5 2. Bb2 Bxb4 3. Bxe5 Nf6 4. Nf3 O-O 5. e3 Re8 6. Be2 d5 7. O-O Bg4 8.
Bb2 Nbd7 9. d3 Qe7 10. Nbd2 Ba5 11. c4 c6 12. a4 Bb4 13. Qc2 dxc4 14. Nxc4 Nd5
15. Nd4 Bxe2 16. Qxe2 Qg5 17. f4 Qg6 18. Rf3 Bc3 19. e4 Bxb2 20. Qxb2 N5b6 21.
Ne3 c5 22. Ndf5 Qf6 23. e5 Qe6 24. Rg3 g6 25. Nd6 Rab8 26. h4 Nd5 27. Nxd5 Qxd5
28. Re1 Nf6 29. Nb5 Nh5 30. Rf3 Rbc8 31. Qe2 a6 32. Nd6 Rc7 33. f5 Qd4+ 34. Qf2
Qxf2+ 35. Kxf2 Rd8 36. g4 Nf6 1-0

[Event "46th Guernsey Open"]
[Site "?"]
[Date "2022.10.19"]
[Round "4"]
[White "Eedle, Eric F"]
[Black "Kraft, Karl Heinz"]
[Result "0-1"]
[WhiteElo "1667"]
[BlackElo "1989"]
[PlyCount "58"]
[EventDate "2022.??.??"]

1. d4 f5 2. Bg5 g6 3. Nc3 Bg7 4. e3 Nf6 5. h4 h6 6. Bxf6 Bxf6 7. Nd5 e6 8. Nf4
Kf7 9. h5 g5 10. Ng6 Re8 11. g4 d6 12. gxf5 exf5 13. Qf3 c5 14. Bc4+ Kg7 15.
O-O-O cxd4 16. Qd5 Qc7 17. Rxd4 Be6 18. Qb5 Nc6 19. Bxe6 Nxd4 20. exd4 Rxe6 21.
Qxf5 Qf7 22. Nf3 Rae8 23. Rg1 Re2 24. Qa5 b6 25. Qa4 Rxf2 26. Ngh4 Ree2 27.
Nf5+ Kh7 28. Nxd6 Rxc2+ 29. Kd1 Rxb2 0-1

[Event "46th Guernsey Open"]
[Site "?"]
[Date "2022.10.19"]
[Round "4"]
[White "Pang, Ethan"]
[Black "Santos, Joao Artur Almeida"]
[Result "0-1"]
[WhiteElo "1467"]
[BlackElo "1954"]
[PlyCount "98"]
[EventDate "2022.??.??"]

1. e4 c5 2. Nf3 e6 3. d4 cxd4 4. Nxd4 a6 5. Nc3 Qc7 6. g3 Nf6 7. Bg2 Be7 8. O-O
O-O 9. a3 d6 10. Be3 Bd7 11. Re1 Nc6 12. f4 Rfd8 13. Nxc6 Bxc6 14. Qe2 d5 15.
exd5 Nxd5 16. Nxd5 Bxd5 17. Bxd5 Rxd5 18. c4 Rd7 19. b4 Rad8 20. c5 Rd3 21.
Red1 Qd7 22. Re1 Bf6 23. Rab1 Rxe3 24. Qc2 Rxa3 25. Red1 Rd3 26. Rxd3 Qxd3 27.
Qxd3 Rxd3 28. Rc1 Rd8 29. c6 bxc6 30. Rxc6 Ra8 31. Kg2 Bd8 32. Kf3 Kf8 33. Ke4
Ke8 34. Ke5 Bf6+ 35. Ke4 Kd7 36. Rc4 Rc8 37. Rxc8 Kxc8 38. Kd3 Kc7 39. g4 Kc6
40. Kc4 Be7 41. g5 Bd6 42. h4 Bxf4 43. Kd4 Kb5 44. Ke4 Bxg5 45. hxg5 Kxb4 46.
Kd3 Kb3 47. Kd2 Kb2 48. Kd3 a5 49. g6 hxg6 0-1

[Event "46th Guernsey Open"]
[Site "?"]
[Date "2022.10.19"]
[Round "4"]
[White "Van Dijk, Bram"]
[Black "Moyroud, Pierre"]
[Result "1-0"]
[WhiteElo "1950"]
[BlackElo "1705"]
[PlyCount "53"]
[EventDate "2022.??.??"]

1. Nf3 Nf6 2. g3 d5 3. Bg2 g6 4. b4 c6 5. Bb2 Qb6 6. a3 Bg7 7. Bd4 Qc7 8. Qc1
O-O 9. Qb2 Nbd7 10. d3 a5 11. O-O Re8 12. e3 axb4 13. axb4 Rxa1 14. Qxa1 e5 15.
Bb2 e4 16. dxe4 Rxe4 17. b5 Ne8 18. Nd4 Re7 19. Nc3 Nd6 20. bxc6 bxc6 21. Bxd5
cxd5 22. Nxd5 Qd8 23. Nc6 Re8 24. Nxd8 Bxb2 25. Qxb2 Rxd8 26. Rd1 Bb7 27. Nf6+
1-0